| 000 | 00507nas1a22001811i 4500 | ||
|---|---|---|---|
| 001 | rc\42264 | ||
| 005 | 20240726002735.0 | ||
| 035 | _a(NLR Aleph) 005386077 | ||
| 090 |
_a7146818 _c7146818 |
||
| 100 | _a20021216a19949999u |0rusy50 ca | ||
| 101 | 0 | _arus | |
| 102 | _aRU | ||
| 200 | 1 |
_aГуманистические тетради _fМеждунар. центр гуманист. исслед. |
|
| 210 |
_aМ. _d1994- |
||
| 801 | 0 |
_aRU _bNLR _gpsbo |
|
| 801 | 1 |
_aRU _bELAR _2rusmarc |
|
| 852 |
_aNLR _jП22/6626 |
||
| 942 | _cSE | ||